Evaluación y educación : (Record no. 214915)

MARC details
000 -CABECERA
campo de control de longitud fija 02097nam a2200277 a 4500
003 - IDENTIFICADOR DEL NÚMERO DE CONTROL
campo de control MX-MxUPN
005 - FECHA Y HORA DE LA ÚLTIMA TRANSACCIÓN
campo de control 20260414154840.0
007 - CAMPO FIJO DE DESCRIPCIÓN FÍSICA--INFORMACIÓN GENERAL
campo de control de longitud fija cr |||aaaaaaa|
008 - ELEMENTOS DE LONGITUD FIJA--INFORMACIÓN GENERAL
campo de control de longitud fija 260406s2024 ck|d||||o ||| 000 0 spa d
020 ## - NÚMERO INTERNACIONAL NORMALIZADO PARA LIBROS
Número Internacional Estándar del Libro 9786287760110
040 ## - FUENTE DE LA CATALOGACIÓN
Centro catalogador/agencia de origen MX-MxUPN
Lengua de catalogación spa
Normas de descripción aacr2
041 0# - CÓDIGO DE IDIOMA
Código de lengua del texto/banda sonora o título independiente spa
050 14 - SIGNATURA TOPOGRÁFICA DE LA BIBLIOTECA DEL CONGRESO
Número de clasificación LB2822.75
245 10 - MENCIÓN DE TÍTULO
Título Evaluación y educación :
Resto del título miradas críticas
Medio [recurso electrónico en línea]
250 ## - MENCIÓN DE EDICIÓN
Mención de edición Primera edición
260 ## - PUBLICACIÓN, DISTRIBUCIÓN, ETC.
Lugar de publicación, distribución, etc. Bogotá, Colombia :
Nombre del editor, distribuidor, etc. Universidad Pedagógica Nacional, Grupo Interno de Trabajo Editorial,
Fecha de publicación, distribución, etc. 2024
300 ## - DESCRIPCIÓN FÍSICA
Extensión 1 recurso en línea (191 páginas) :
Otras características físicas gráficas, PDF
490 0# - MENCIÓN DE SERIE
Mención de serie Colección Evaluación, formación y currículo
505 ## - NOTA DE CONTENIDO CON FORMATO PREESTABLECIDO
Título Artilugios para la (des)conexión: la evaluación en tiempos de IA /
Mención de responsabilidad Laura Galazzi.--
Título Apuntes para un ethos decolonial y desevaluativo /
Mención de responsabilidad Daniel Berisso.--
Título Transnacionalización y políticas de educación superior /
Mención de responsabilidad Madisson Yojan Carmona Rojas.--
Título La autonomía en la universidad contemporánea y la injerencia indebida de las políticas de evaluación /
Mención de responsabilidad Carmenza Sánchez Rodríguez.--
Título Aprendificación y fines de la educación /
Mención de responsabilidad Maximiliano Prada Dussán.--
Título Resultados de aprendizaje, ¿de vuelta a la evaluación por objetivos? /
Mención de responsabilidad Lila Adriana Castañeda Mosquera.--
Título Los resultados de aprendizaje como un dispositivo de gobernanza, control o formación: problemas de y para la política educativa /
Mención de responsabilidad José Emilio Díaz Ballen.--
Título Miradas ausentes de la diferencia en los resultados de aprendizaje /
Mención de responsabilidad Angie Linda Benavides Cortés.--
Título Evaluar y promover aprendizajes desde una perspectiva formativa /
Mención de responsabilidad Rebeca Anijovich y Graciela Cappelletti.--
Título Evaluación, currículum y el binomio aprendizaje-enseñanza: análisis del contexto educativo colombiano durante la pospandemia /
Mención de responsabilidad Cristina Fuentes-Mejía y Esther Gutiérrez Mora.
506 0# - NOTA DE RESTRICCIONES AL ACCESO
Limitaciones de acceso Acceso abierto
650 #4 - ASIENTO SECUNDARIO DE MATERIA - TERMINO TEMATICO
Término de materia o nombre geográfico como elemento de entrada Evaluación educativa
9 (RLIN) 4298
700 1# - ASIENTO SECUNDARIO--NOMBRE DE PERSONAL
Nombre de persona Sánchez Rodríguez, Carmenza
9 (RLIN) 59207
Término indicativo de función/relación compilación
856 40 - LOCALIZACIÓN Y ACCESO ELECTRÓNICOS
Identificador Uniforme del Recurso <a href="http://hdl.handle.net/20.500.12209/21046">http://hdl.handle.net/20.500.12209/21046</a>
902 ## - ELEMENTOS DE DATOS B LOCAL, LDB (RLIN)
Creó JohanaAllegre/060426
942 ## - ELEMENTOS DE PUNTO DE ACCESO ADICIONAL (KOHA)
Fuente del sistema de clasificación o colocación Library of Congress Classification
Tipo de ítem Koha Libro Electrónico
Holdings
Estado de retiro Estado de pérdida Fuente del sistema de clasificación o colocación Estado dañado No para préstamo Código de colección Localización permanente Ubicación/localización actual Ubicación en estantería Fecha de adquisición Total de préstamos Clasificación Fecha visto por última vez Identificador Uniforme del Recurso Precio válido a partir de Tipo de ítem Koha
    Library of Congress Classification     Acceso abierto Bib. Gregorio Torres Quintero Bib. Gregorio Torres Quintero En línea 06/04/2026   LB2822.75 06/04/2026 http://hdl.handle.net/20.500.12209/21046 06/04/2026 Libro Electrónico